| 000 | 00992nam a2200265 a 4500 | ||
|---|---|---|---|
| 001 | 62115 | ||
| 005 | 20180714064020.0 | ||
| 008 | 150223s2014 xxu r 000 eng d | ||
| 020 | _a978-0-19-968848-7 | ||
| 041 | _aeng | ||
| 082 | 0 |
_a282.72 _bAND |
|
| 100 | 1 |
_aAndes, Stephen J. C. _q(Stephen Joseph Carl) |
|
| 245 | 1 | 4 |
_aThe vatican and catholic activism in México and Chile : _bthe politics of transnational catholicism, 1920-1940 / _cStephen J. C. Andes. |
| 250 | _aFirst edition | ||
| 264 | 1 |
_aUnited States of America : _bOxford University Press, _c2014 |
|
| 300 |
_axii, 250 páginas ; _c23 cm. |
||
| 336 |
_atexto _2rdacontent |
||
| 337 |
_asin mediación _2rdamedia |
||
| 338 |
_avolumen _2rdacarrier |
||
| 490 | 0 | _aOxford historical monographs | |
| 650 | 0 |
_aIglesia católica _zMéxico _xHistoria _ySiglo XX |
|
| 650 | 0 |
_aIglesia católica _zChile _xHistoria |
|
| 650 | 0 |
_aCatólicos _xActividad católica _zMéxico _ySiglo XX |
|
| 650 | 0 | _aRebelión cristera | |
| 999 |
_c62115 _d62115 |
||